Methods of testing vulcanized rubber. Part A6: Determination of compression set (Record no. 73258)

MARC details
000 -LEADER
fixed length control field 00432nam a2200133Ia 4500
245 #0 - TITLE STATEMENT
Title Methods of testing vulcanized rubber. Part A6: Determination of compression set
260 ## - PUBLICATION, DISTRIBUTION, ETC. (IMPRINT)
Place of publication London
260 ## - PUBLICATION, DISTRIBUTION, ETC. (IMPRINT)
Year of publication 1969
Name of publisher British Standards Institution
490 ## - SERIES STATEMENT
Series statement British standards
500 ## - GENERAL NOTE
General note Standard number: BS 903: Part A6
650 ## - SUBJECT ADDED ENTRY--TOPICAL TERM
Topical Term Rubber vulcanized, compression set
942 ## - ADDED ENTRY ELEMENTS (KOHA)
Koha item type Standards
Holdings
Withdrawn status Lost status Damaged status Not for loan Home library Current library Date acquired Koha item type
      Standards RRII Library RRII Library 31/12/2021 Standards